Central Library OPAC University of Rajshahi

চলচ্চিত্র মানুষ এবং আরো কিছু / (Record no. 80084)

MARC details
000 -LEADER
fixed length control field 01034nam a2200241 a 4500
001 - CONTROL NUMBER
control field 80084
003 - CONTROL NUMBER IDENTIFIER
rucl marc code BD-RjUL
005 - DATE AND TIME OF LATEST TRANSACTION
control field 20220705105740.0
008 - FIXED-LENGTH DATA ELEMENTS--GENERAL INFORMATION
fixed length control field 220705s20212007ben||||| |||| 00| 0 ben d
020 ## - INTERNATIONAL STANDARD BOOK NUMBER
International Standard Book Number 9789392453991
035 ## - SYSTEM CONTROL NUMBER
System control number (BD-RjUL)80084
040 ## - CATALOGING SOURCE
Original cataloging agency BD-RjUL
Language of cataloging eng
Transcribing agency BD-RjUL
041 ## - LANGUAGE CODE
Language code of text/sound track or separate title eng
082 ## - DEWEY DECIMAL CLASSIFICATION NUMBER
Edition number 23
Classification number 791.43095414
Author mark and year GHC 2021
100 ## - MAIN ENTRY--PERSONAL NAME
Personal name ঘটক, ঋত্বিককুমার
9 (RLIN) 4002
245 10 - TITLE STATEMENT
Title চলচ্চিত্র মানুষ এবং আরো কিছু /
Statement of responsibility, etc. ঋত্বিককুমার ঘটক
250 ## - EDITION STATEMENT
Edition statement পরিবর্ধিত ও পরিমার্জিত ২য় সংস্করণ
260 ## - PUBLICATION, DISTRIBUTION, ETC. (IMPRINT)
Place of publication, distribution, etc. কলকাতা :
Name of publisher, distributor, etc. দে’জ পাবলিশিং,
Date of publication, distribution, etc. ২০০৭, [পুনর্মুদ্রণ ২০২১]
300 ## - PHYSICAL DESCRIPTION
Pagination ৩৯২ পৃ.;
Size ২২ সেমি.
650 ## - SUBJECT ADDED ENTRY--TOPICAL TERM
Topical term or geographic name as entry element চলমান ছবি
Geographic subdivision ভারত
-- পশ্চিমবঙ্গ
9 (RLIN) 4003
Topical term or geographic name as entry element Motion pictures
Geographic subdivision India
-- West Bengal
9 (RLIN) 4004
942 ## - ADDED ENTRY ELEMENTS (KOHA)
Source of classification or shelving scheme Dewey Decimal Classification
Koha item type Books
Holdings
Lost status Source of classification or shelving scheme Damaged status Not for loan Collection code Permanent Location Current Location Shelving location Date acquired Source of acquisition Cost, normal purchase price Full call number Date last seen Copy number Koha item type Total Checkouts Date checked out
  Dewey Decimal Classification   Not For Loan Non-fiction Central Library, University of Rajshahi Central Library, University of Rajshahi Reading Room 10/05/2022 Dhaka: Annarakam 900.00 B 791.43095414 GHC 2021 05/07/2022 C-1 Books    
  Dewey Decimal Classification     Non-fiction Central Library, University of Rajshahi Central Library, University of Rajshahi General Stacks 10/05/2022 Dhaka: Annarakam 900.00 B 791.43095414 GHC 2021 04/12/2023 C-2 Books 2 30/11/2023